All countries starting with "S"- Map Quiz (official English spelling) - Statistics

General Stats
  • This quiz has been taken 137 times
  • The average score is 22 of 26
Answers on the Map
Answers color-coded by a green-red scale on the quiz's map according to % correct below.
 
Answer Stats
Answer % Correct
Sudan
96%
Sweden
95%
South Sudan
94%
Spain
93%
South Africa
92%
South Korea
92%
Slovenia
91%
Switzerland
91%
Slovakia
90%
Somalia
88%
Suriname
88%
Syria
88%
Serbia
87%
Singapore
84%
Senegal
83%
Seychelles
82%
Saint Lucia
81%
San Marino
79%
Solomon Islands
79%
Saudi Arabia
78%
Sierra Leone
78%
Samoa
76%
Sao Tome and Principe
76%
Saint Kitts and Nevis
75%
Sri Lanka
74%
Saint Vincent and the Grenadines
67%
No matching quizzes found
Score Distribution
Percent of People with Each Score
Percentile by Number Answered
Your Score History
You have not taken this quiz